Malayalathinte suvarnnakathakal: (Record no. 72406)

000 -LEADER
fixed length control field 00426nam a22001571a 4500
020 ## - INTERNATIONAL STANDARD BOOK NUMBER
International Standard Book Number 8184230818
082 ## - DEWEY DECIMAL CLASSIFICATION NUMBER
Classification number M301
Item number NAN/M
100 ## - MAIN ENTRY--PERSONAL NAME
Personal name Nandanar
9 (RLIN) 143906
245 ## - TITLE STATEMENT
Title Malayalathinte suvarnnakathakal:
Remainder of title Nandanar/
Statement of responsibility, etc. by Nandanar
260 ## - PUBLICATION, DISTRIBUTION, ETC.
Place of publication, distribution, etc. Thrissur
Name of publisher, distributor, etc. Green Books
Date of publication, distribution, etc. 2016.
300 ## - PHYSICAL DESCRIPTION
Extent 184p.
650 ## - SUBJECT ADDED ENTRY--TOPICAL TERM
Topical term or geographic name entry element Stories Malayalam
9 (RLIN) 143907
650 ## - SUBJECT ADDED ENTRY--TOPICAL TERM
Topical term or geographic name entry element Literature Malayalam
9 (RLIN) 143908
650 ## - SUBJECT ADDED ENTRY--TOPICAL TERM
Topical term or geographic name entry element Literature
9 (RLIN) 143909
942 ## - ADDED ENTRY ELEMENTS (KOHA)
Koha item type Book
Holdings
Withdrawn status Lost status Damaged status Not for loan Permanent Location Current Location Shelving location Date acquired Cost, normal purchase price Total Checkouts Full call number Barcode Date last seen Date last checked out Price effective from Koha item type
        Sree Sankaracharya University of Sanskrit Sree Sankaracharya University of Sanskrit Stacks 16.06.2018 175.00 3 M301 NAN/M 090511 31.03.2021 05.03.2021 16.06.2018 Book
        Sree Sankaracharya University of Sanskrit Sree Sankaracharya University of Sanskrit Stacks 01.04.2019 175.00 2 M301 NAN/M 094249 24.09.2025 19.09.2025 01.04.2019 Book